Northern Ireland counties-Derry City and Strabane - Statistics

General Stats
  • This quiz has been taken 9 times
  • The average score is 7 of 16
Answer Stats
Hint Answer % Correct
Massacre committed in April 1972 by the British Army in the Bogside Bloody Sunday
88%
Built in 1890, this red brick, Beaux Arts town hall contains a pipe organ, clock tower and museum; the titular council holds its meetings here Guildhall
88%
White gable wall located within the Bogside area of Derry; it is regularly used to display political slogans and artwork Free Derry Corner
75%
Elegant white pedestrian suspension bridge crossing the river Foyle, connecting the west and east sides of Derry Peace Bridge
75%
Protestant fraternity founded in 1814 in honour of those who fought in the 1689 Siege of Derry Apprentice Boys of Derry
63%
Broadcasting and telecommunications tower that, at 305 metres in height, is the tallest structure in the whole of Ireland Strabane transmitting station
63%
American aviator who landed in a field outside Culmore after completing her Transatlantic solo flight in 1932; there is a museum dedicated to her achievement in the town Amelia Earhart
50%
The city was given this title in 2013 UK City of Culture
50%
Unusually for Ireland, this sport is particularly popular in the region south of Strabane Cricket
38%
Singer and broadcaster on BBC Radio Ulster, nicknamed 'Uncle Hugo' and 'The Wee Man from Strabane' Hugo Duncan
25%
Georgian country estate that is the ancestral home of the Duke of Abercorn(hint: shares its name with a London suburb) Baronscourt Estate
13%
Village near the border that in 2010 recorded a temperature of -18.7 C, the coldest temperature ever recorded in Northern Ireland Castlederg
13%
In 2024, this woman was elected as the first black mayor of any Northern Irish town or city Lilian Seenoi-Barr
13%
Tree-lined planned former industrial village built by the Herdman family in 1835; it housed a large linen mill Sion Mills
13%
Printer who produced many of the first copies of the United States Declaration of Independence John Dunlap
0%
Tranquil, picturesque forest containing rapids, mixed woodlands, a nature reserve and a 30 metre high waterfall Ness Country Park
0%
No matching quizzes found
Score Distribution
Percent of People with Each Score
Percentile by Number Answered
Your Score History
You have not taken this quiz